Vista normal Vista MARC

Entrada Topical Term

Número de registros utilizados en: 1

001 - CONTROL NUMBER

  • control field: 10341

003 - CONTROL NUMBER IDENTIFIER

  • control field: OSt

005 - DATE AND TIME OF LATEST TRANSACTION

  • control field: 20200917120628.0

008 - FIXED-LENGTH DATA ELEMENTS

  • fixed length control field: 200917|| aca||aabn | a|a d

040 ## - CATALOGING SOURCE

  • Original cataloging agency: OSt
  • Transcribing agency: OSt

150 ## - HEADING--TOPICAL TERM

  • Topical term or geographic name entry element: Actividades recreativas Felicidad Relaciones humanas Mente y cuerpo--

670 ## - SOURCE DATA FOUND

  • Source citation: Work cat.: (OSt)4032: Street-Porter, Janet, autora 10340, La vida son cuatro p***s días ¡vívela! : guía para no malgastar energía, tiempo ni dinero /